|
|
|
|
| LEADER |
00000nam0a2200000 4500 |
| 001 |
117325 |
| 005 |
20231101215408.0 |
| 010 |
|
|
|a 9785986720425
|
| 035 |
|
|
|a (RuTPU)RU\TPU\book\126997
|
| 090 |
|
|
|a 117325
|
| 100 |
|
|
|a 20070601d2007 m y0rusy50 ca
|
| 101 |
0 |
|
|a rus
|
| 102 |
|
|
|a RU
|
| 105 |
|
|
|a a j 001zy
|
| 200 |
1 |
|
|a Геотехнология перехода от открытых к подземным горным работам
|e учебное пособие для вузов
|f Д. Р. Каплунов, В. А. Юков
|
| 210 |
|
|
|a Москва
|c Горная книга
|d 2007
|
| 215 |
|
|
|a 267 с.
|c ил.
|
| 225 |
1 |
|
|a Высшее горное образование
|
| 320 |
|
|
|a Список литературы: с. 265.
|
| 330 |
|
|
|a На основе обобщения опыта и проектных решений по переходу от открытых к подземным горным работам, прежде всего при выемке прикарьерных запасов, выделены особенности вскрытия и применяемых систем разработки, установлены варианты сочетания технологических элементов открытого и подземного способов добычи, сформирована структура базы данных для выбора рациональных схем перехода. Обоснована классификация способов разработки прикарьерных запасов. Оценена возможная интенсивность отработки запасов переходной зоны. Представлены варианты перехода к подземной разработке при освоении месторождений руд черных и цветных металлов. Дана оценка влияния технологического, экологического и экономического факторов по уравнению баланса ценностей, заключённых в добытой рудной массе и погашаемых запасах.
|
| 606 |
1 |
|
|a Полезные ископаемые
|x Системы разработки
|2 stltpush
|3 (RuTPU)RU\TPU\subj\50118
|9 68865
|
| 610 |
1 |
|
|a прикарьерные запасы
|
| 610 |
1 |
|
|a выемка
|
| 610 |
1 |
|
|a отработка
|
| 610 |
1 |
|
|a подземные работы
|
| 610 |
1 |
|
|a технологические схемы
|
| 610 |
1 |
|
|a систематизация
|
| 610 |
1 |
|
|a базовые параметры
|
| 610 |
1 |
|
|a железорудные месторождения
|
| 610 |
1 |
|
|a подземные рудники
|
| 610 |
1 |
|
|a оборудование
|
| 610 |
1 |
|
|a проектирование
|
| 610 |
1 |
|
|a учебные пособия
|
| 675 |
|
|
|a 622.27(075.8)
|v 3
|
| 700 |
|
1 |
|a Каплунов
|b Д. Р.
|g Давид Родионович
|
| 701 |
|
1 |
|a Юков
|b В. А.
|g Владимир Александрович
|
| 801 |
|
1 |
|a RU
|b 63413507
|c 20070601
|g PSBO
|
| 801 |
|
2 |
|a RU
|b 63413507
|c 20150723
|g PSBO
|
| 900 |
|
|
|a Горное дело
|
| 900 |
|
|
|a Горнопромышленная геология
|
| 900 |
|
|
|a Горно-промышленная геология
|
| 900 |
|
|
|a Разработка нефтяных и газовых месторождений
|
| 900 |
|
|
|a Разработка нефтяных месторождений
|
| 942 |
|
|
|c BK
|
| 951 |
|
|
|b 130404
|b 130403
|b 130400
|
| 959 |
|
|
|a 46/20070529
|d 2
|e 315,00
|f АНЛ:1
|f ЧЗТЛ:1
|